LA VOLUNTAD DE SENTIDO : (Registro nro. 60119)
[ vista simple ]
| 000 -LEADER | |
|---|---|
| fixed length control field | 00469nam a2200169 a 4500 |
| 001 - CONTROL NUMBER | |
| control field | 60119 |
| 005 - DATE AND TIME OF LATEST TRANSACTION | |
| control field | 20180714061252.0 |
| 008 - FIXED-LENGTH DATA ELEMENTS--GENERAL INFORMATION | |
| fixed length control field | 140415s1994 sp 000 0 spa d |
| 020 ## - INTERNATIONAL STANDARD BOOK NUMBER | |
| International Standard Book Number | 8425416108 |
| 041 ## - LANGUAGE CODE | |
| Language code of text/sound track or separate title | spa |
| 082 ## - DEWEY DECIMAL CLASSIFICATION NUMBER | |
| Classification number | 616.8914 |
| Item number | FRA |
| 100 1# - MAIN ENTRY--PERSONAL NAME | |
| Personal name | FRANKL, VIKTOR E. |
| 245 13 - TITLE STATEMENT | |
| Title | LA VOLUNTAD DE SENTIDO : |
| Remainder of title | CONFERENCIAS ESCOGIDAS SOBRE ,OGOTERAPIA |
| 250 ## - EDITION STATEMENT | |
| Edition statement | 3a ed. |
| 260 ## - PUBLICATION, DISTRIBUTION, ETC. | |
| Place of publication, distribution, etc. | ESPAÑA : |
| Name of publisher, distributor, etc. | HERDER, |
| Date of publication, distribution, etc. | 1994, |
| 650 14 - SUBJECT ADDED ENTRY--TOPICAL TERM | |
| Topical term or geographic name entry element | PSICOTERAPIA |
| Withdrawn status | Lost status | Source of classification or shelving scheme | Damaged status | Not for loan | Collection code | Home library | Current library | Shelving location | Date acquired | Source of acquisition | Inventory number | Total Checkouts | Full call number | Barcode | Date last seen | Date last checked out | Price effective from | Koha item type |
|---|---|---|---|---|---|---|---|---|---|---|---|---|---|---|---|---|---|---|
| Dewey Decimal Classification | En catalogación | General | Biblioteca Karol Wojtyla | Biblioteca Karol Wojtyla | Procesos técnicos | 03/12/2013 | Compra | 151000000000000000008303 | 616.8914 FRA 1994 | 90660 | 05/01/2026 | 14/10/2017 | 08/09/2014 | Libro |